| 000 | 00768nam a2200217Ia 4500 | ||
|---|---|---|---|
| 003 | GCL | ||
| 008 | 140319s9999 xx 000 0 ara d | ||
| 020 | _a1126810977 | ||
| 040 |
_aGCL / _cGCL |
||
| 082 | 0 | 4 |
_a372.218 _bز ن |
| 100 | 1 | _aيسرية صادق | |
| 245 | 1 | 0 |
_aنمو المفاهيم العلمية للاطفال : _bبرنامج مقترح وتجارب لطفل ما قبل المدرسة / _cيسرية صادق |
| 700 | 1 | _aزكريا الشربينى | |
| 250 | _aالاولى | ||
| 260 |
_aالقاهرة : _bدار الفكر العربى ، _c2000 |
||
| 300 |
_a236 ص: _bايض ؛ _c24 سم |
||
| 650 | 0 | 4 | _aرياض الاطفال |
| 650 | 0 | 4 | _aالاطفال - تعليم |
| 650 | 0 | 4 | _aتعليم الاطفال - مصر |
| 942 |
_2ddc _cBK |
||
| 999 |
_c6655 _d6655 |
||